000
00292nam a2200133Ia 4500
005
20251222143146.0
008
251222s9999||||xx |||||||||||||| ||spa||
020
_a
84-820-903-2
082
_a
813.54/U77E
100
_a
Uris, Leon
245
0
_a
Exodo
264
_b
Oveja Negra
942
_c
LIB
999
_c
12507
_d
12507